[Event "Pardubice Region-chT 2223"]
[Site "Czech Republic"]
[Date "2022.10.09"]
[Round "1.4"]
[White "Zaghloul, Ahmed"]
[Black "Malivanek, Jiri"]
[Result "0-1"]
[WhiteElo "1000"]
[BlackElo "2060"]
[PlyCount "70"]
[EventDate "2022.10.09"]
[EventType "team-tourn"]
[EventRounds "11"]
[EventCountry "CZE"]
[SourceTitle "EXT 2024"]
[Source "ChessBase"]
[SourceDate "2023.10.10"]
[SourceVersion "1"]
[SourceVersionDate "2023.10.10"]
[SourceQuality "1"]

1. Nf3 d5 2. d4 Nf6 3. e3 Nbd7 4. Bd3 c5 5. c3 Qc7 6. Nbd2 b6 7. e4 e6 8. 0-0 Be7 9. e5 Ng8 10. Re1 Nf8 11. Nf1 Bd7 12. N3d2 0-0-0 13. dxc5 bxc5 14. Ba6+ Kb8 15. Qb3+ Ka8 16. c4 Bc6 17. a4 f6 18. Qc3 fxe5 19. cxd5 exd5 20. Qxe5 Bd6 21. Qg5 Nf6 22. h3 h6 23. Qf5 N8d7 24. Nf3 g5 25. b4 Ne4 26. Bb5 Rdf8 27. Bxc6+ Qxc6 28. b5 Qb7 29. Qg6 Ne5 30. Nxe5 Bxe5 31. Ra2 Rf6 32. Qh5 Rhf8 33. f4 Bc3 34. fxg5 hxg5 35. Nd2 Bd4+ 0-1